Even Roman Numerals - One Minute Sprint - Statistics

General Stats
  • This quiz has been taken 847 times
  • The average score is 25 of 50
Answer Stats
# % Correct
II
100%
IV
97%
VI
95%
VIII
94%
X
93%
XII
93%
XIV
90%
XVI
90%
XVIII
89%
XX
88%
XXII
87%
XXIV
86%
XXVI
85%
XXVIII
84%
XXX
84%
XXXII
83%
XXXIV
80%
XXXVI
79%
XXXVIII
76%
XL
64%
XLII
62%
XLIV
60%
XLVI
58%
XLVIII
53%
L
50%
LII
48%
LIV
47%
LVI
45%
LVIII
43%
LX
39%
LXII
37%
LXIV
34%
LXVI
32%
LXVIII
28%
LXX
25%
LXXII
23%
LXXIV
20%
LXXVI
18%
LXXVIII
14%
LXXX
13%
LXXXII
11%
LXXXIV
9%
LXXXVI
9%
LXXXVIII
7%
XC
5%
XCII
4%
C
3%
XCIV
3%
XCVI
3%
XCVIII
3%
No matching quizzes found
Score Distribution
Percent of People with Each Score
Percentile by Number Answered
Your Score History
You have not taken this quiz